| 000 | 00730nam a2200241 a 4500 | ||
|---|---|---|---|
| 999 |
_c3551 _d3551 |
||
| 001 | 16550 | ||
| 003 | BD-DhUAP | ||
| 005 | 20210130100938.0 | ||
| 008 | 090510r20112002ii ab b 001 0 eng d | ||
| 020 | _a9788126513864 | ||
| 040 |
_aBD-DhUAP _bEng _cBD-DhUAP _dBD-DhUAP |
||
| 082 | 0 | 0 |
_223 _a621.382 AGR |
| 100 | 1 | _aAgrawal, Govind P. | |
| 245 | 1 | 0 |
_aFiber-optic communication systems / _cGovind P. Agrawal. |
| 250 | _a3rd ed. | ||
| 260 |
_aIndia : _bWiley-India, _cc2002 [Reprinted 2011]. |
||
| 300 |
_axiv, 546 pages : _billustrations ; _c25 cm. |
||
| 504 | _aIncludes bibliographical references and index. | ||
| 650 | 0 | _aOptical communications. | |
| 650 | 0 | _acommunication systems. | |
| 942 |
_2ddc _cBK |
||